000 00406nam a2200133Ia 4500
008 151001s9999||||xx |||||||||||||| ||und||
100 _aसूर्यकांता अजमेरा
245 _aमहात्मा गांधीजींची विचाधारा
250 _a1
260 _bअथर्व प्रकाशन
260 _c2011
300 _a200
365 _b21
999 _c1000236
_d1000233